Encounters with aging : mythologies of menopause in Japan and North America

Αποθηκεύτηκε σε:
Λεπτομέρειες βιβλιογραφικής εγγραφής
Κύριος συγγραφέας: Lock, Margaret M.
Μορφή: Βιβλίο
Γλώσσα:English
Δημοσίευση: Berkeley : University of California Press, 1993
Θέματα:
Ετικέτες: Προσθήκη ετικέτας
Δεν υπάρχουν, Καταχωρήστε ετικέτα πρώτοι!

MARC

LEADER 00000nam a2200000 i 4500
001 1/97961
008 081124s1993 eng d
020 |a 978-0-520-20162-0 
020 |a 0-520-20162-0 
035 |l 10101911 
040 |a GR-MY-UA  |b gre  |e aacr 
041 0 |a eng 
082 0 |a 305.244  |2 (22) 
100 1 |a Lock, Margaret M. 
245 1 0 |a Encounters with aging :  |b mythologies of menopause in Japan and North America /  |c Margaret Lock 
260 |a Berkeley :   |b University of California Press,   |c 1993 
300 |a xli, 439 σ.;  |b εικ.;  |c 24 εκ. 
504 |a Βιβλιογραφία: σ. 401-428 
504 |a Ευρετήριο: σ. 429-440 
650 0 0 |a Middle-aged women  |z Japan. 
650 0 0 |a Middle-aged women  |z North America. 
650 0 0 |a Menopause  |z Japan. 
650 0 0 |a Menopause  |z North America. 
852 |a INST  |b LESVOS  |e 20081124  |h 305.244 LOC  |p 005100043543  |q 005100043543  |t BK  |y 0 
901 |a BIBL1-2008-3 
909 |a Λ  |b 157329 
920 |a ΕΠΕΑΕΚ ΠΜΣ ΓΥΝΑΙΚΕΣ ΚΑΙ ΦΥΛΑ  |y ΛΕΣΒΟΣ  |z 2008-09 
970 |a ΚΑΡΑ  |b ΓΙΑΣΕΜΗ  |z 2008/11/24